=LDR 00000nam 2200000 4500 =001 INLIS000000000034215 =990 ##$$a 0001/BPAP-NTB/20142014 =990 ##$$a 0001/BPAP-NTB/20142014 =005 20200220100504 =990 ##$$a 21008380 =990 ##$$a 21008380 =035 ##$$a 0010-061300000034215 =990 ##$$a 21008381 =990 ##$$a 21008381 =008 200220################g##########0#ind## =041 ##$$a ind =082 ##$$a 155.5 =090 ##$$a 155.5, Bas a =100 ##$$a Basya, Hassan syamsi =245 1#$$a Aku adalah cantik /$c Dr. Hassan Syamsi Basya ; Penerjemah Nur Alamsyah ; Editor Muhammad Ikhsan =260 ##$$a Jakarta :$b Mirqat Publishing,$c 2009 =300 ##$$a xxvi, 166 hlm. ; $c 14 x 20 cm. =650 #4$$a Psikologi Remaja =700 #$$a Alamsyah, Nur =850 ##$$a NBPNMAT =020 ##$$a 978-979-1234-56-6 =084 ##$$a 155.5 BAS a =990 ##$$a 21008380 =990 ##$$a 0001/BPAP-NTB/20142014 =990 ##$$a 21008381